| 000 | 00417nam a2200169Ia 4500 | ||
|---|---|---|---|
| 008 | 230524s9999 xx 000 0 und d | ||
| 020 | _a9780070634336 | ||
| 082 | _bNEA | ||
| 100 | _aDonald A.Neamen | ||
| 245 | 0 | _a"Electronics Circuit Analysis and Design , " | |
| 250 | _a3 | ||
| 260 |
_aNew Delhi _bTMH _c2015 |
||
| 300 | _a"XIV,1339p;" | ||
| 500 | _aQuantity Number: 1 | ||
| 650 | _aElectrical | ||
| 942 | _cBK | ||
| 999 |
_c56545 _d56545 |
||